000 00358nam a2200121Ia 4500
008 220217s9999||||xx |||||||||||||| ||und||
082 _a621.395 MAN
100 _aMano, Morris, M
_9709
245 0 _aDesign logic and computer design
260 _aPearson education
_bNew Delhi
_c2011
300 _aXII, 612p.
_b375
650 _aDIGITAL DESIGN/LOGIC DESIGN
999 _c184245
_d184245